Chapman Library

Building better grammar (Record no. 3530)

000 -LEADER
fixed length control field 00301nam a22001217a 4500
020 ## - INTERNATIONAL STANDARD BOOK NUMBER
ISBN 9780840028969
050 ## - LIBRARY OF CONGRESS CALL NUMBER
Classification number PE 1112
100 ## - MAIN ENTRY--AUTHOR NAME
Personal name Hogan, Gina Baaklini
245 ## - TITLE STATEMENT
Title Building better grammar
260 ## - PUBLICATION, DISTRIBUTION, ETC. (IMPRINT)
Place of publication Boston, MA
Name of publisher Wadsworth Cengage Learning
Year of publication 2013
300 ## - PHYSICAL DESCRIPTION
Number of Pages 265p.;includes index
942 ## - ADDED ENTRY ELEMENTS (KOHA)
Koha item type Books
Holdings
Koha item type Collection code Shelving location Accession Number Permanent Location Current Location Date acquired Full call number
BooksReferenceReference4662Chapman LibraryChapman Library2017-04-08PE 1112hog


CSUC Chapman Library is a Koha Automated Library.


Contact us: library@csuc.edu.gh.